<?xml version="1.0" encoding="UTF-8"?>
<record
    xmlns:xsi="http://www.w3.org/2001/XMLSchema-instance"
    xsi:schemaLocation="http://www.loc.gov/MARC21/slim http://www.loc.gov/standards/marcxml/schema/MARC21slim.xsd"
    xmlns="http://www.loc.gov/MARC21/slim">

  <leader>00789nas a2200265 454500</leader>
  <controlfield tag="001">62182</controlfield>
  <controlfield tag="005">20260407193512.0</controlfield>
  <controlfield tag="008">260407s    ####ag###########|||spa#d</controlfield>
  <controlfield tag="003">AR-UNSa-BCEJYS</controlfield>
  <datafield tag="040" ind1=" " ind2=" ">
    <subfield code="a">AR-UNSa-BCEJYS</subfield>
    <subfield code="b">spa</subfield>
    <subfield code="c">AR-UNSa-BCEJYS</subfield>
  </datafield>
  <datafield tag="080" ind1=" " ind2=" ">
    <subfield code="a">658.012</subfield>
    <subfield code="x">M&#xE9;todos (Management...)</subfield>
  </datafield>
  <datafield tag="245" ind1="1" ind2="0">
    <subfield code="a">L&#xED;deres del tercer milenio. El nuevo modelo de negocios</subfield>
  </datafield>
  <datafield tag="264" ind1=" " ind2="1">
    <subfield code="a">Buenos Aires :</subfield>
    <subfield code="b">Clarin</subfield>
  </datafield>
  <datafield tag="310" ind1=" " ind2=" ">
    <subfield code="a">Frecuencia: Irregular</subfield>
  </datafield>
  <datafield tag="041" ind1=" " ind2=" ">
    <subfield code="a">spa</subfield>
  </datafield>
  <datafield tag="942" ind1=" " ind2=" ">
    <subfield code="c">SER</subfield>
  </datafield>
  <datafield tag="590" ind1=" " ind2=" ">
    <subfield code="a">niveau_biblio:s niveau_hierar:1</subfield>
  </datafield>
  <datafield tag="100" ind1="1" ind2=" ">
    <subfield code="a">Clarin</subfield>
  </datafield>
  <datafield tag="700" ind1="1" ind2=" ">
    <subfield code="a">Mercado</subfield>
  </datafield>
  <datafield tag="650" ind1=" " ind2=" ">
    <subfield code="a">Marketing</subfield>
  </datafield>
  <datafield tag="650" ind1=" " ind2=" ">
    <subfield code="a">ECONOMIA</subfield>
  </datafield>
  <datafield tag="650" ind1=" " ind2=" ">
    <subfield code="a">CULTURA ORGANIZACIONAL</subfield>
  </datafield>
  <datafield tag="650" ind1=" " ind2=" ">
    <subfield code="a">NEGOCIOS</subfield>
  </datafield>
  <datafield tag="856" ind1="4" ind2="1">
    <subfield code="u">http://www.biblioeco.unsa.edu.ar/pmb/images/revistas/R23391.jpg</subfield>
    <subfield code="y">Imagen de portada</subfield>
    <subfield code="q">image/jpeg</subfield>
  </datafield>
  <datafield tag="999" ind1=" " ind2=" ">
    <subfield code="c">8990</subfield>
    <subfield code="d">8990</subfield>
  </datafield>
  <datafield tag="952" ind1=" " ind2=" ">
    <subfield code="0">0</subfield>
    <subfield code="1">0</subfield>
    <subfield code="4">0</subfield>
    <subfield code="7">0</subfield>
    <subfield code="a">BCEJYS</subfield>
    <subfield code="b">BCEJYS</subfield>
    <subfield code="c">17</subfield>
    <subfield code="d">2015-03-12</subfield>
    <subfield code="h">N&#xBA; 20</subfield>
    <subfield code="l">0</subfield>
    <subfield code="o">H658.012 TER 20</subfield>
    <subfield code="p">R23441</subfield>
    <subfield code="r">2026-04-10 16:10:22</subfield>
    <subfield code="w">2026-04-10</subfield>
    <subfield code="y">RN</subfield>
  </datafield>
  <datafield tag="952" ind1=" " ind2=" ">
    <subfield code="0">0</subfield>
    <subfield code="1">0</subfield>
    <subfield code="4">0</subfield>
    <subfield code="7">0</subfield>
    <subfield code="a">BCEJYS</subfield>
    <subfield code="b">BCEJYS</subfield>
    <subfield code="c">17</subfield>
    <subfield code="d">2015-03-12</subfield>
    <subfield code="h">N&#xBA; 19</subfield>
    <subfield code="l">0</subfield>
    <subfield code="o">H658.012 TER 19</subfield>
    <subfield code="p">R23440</subfield>
    <subfield code="r">2026-04-10 16:10:22</subfield>
    <subfield code="w">2026-04-10</subfield>
    <subfield code="y">RN</subfield>
  </datafield>
  <datafield tag="952" ind1=" " ind2=" ">
    <subfield code="0">0</subfield>
    <subfield code="1">0</subfield>
    <subfield code="4">0</subfield>
    <subfield code="7">0</subfield>
    <subfield code="a">BCEJYS</subfield>
    <subfield code="b">BCEJYS</subfield>
    <subfield code="c">17</subfield>
    <subfield code="d">2015-03-12</subfield>
    <subfield code="h">N&#xBA; 18</subfield>
    <subfield code="l">0</subfield>
    <subfield code="o">H658.012 TER 18</subfield>
    <subfield code="p">R23439</subfield>
    <subfield code="r">2026-04-10 16:10:22</subfield>
    <subfield code="w">2026-04-10</subfield>
    <subfield code="y">RN</subfield>
  </datafield>
  <datafield tag="952" ind1=" " ind2=" ">
    <subfield code="0">0</subfield>
    <subfield code="1">0</subfield>
    <subfield code="4">0</subfield>
    <subfield code="7">0</subfield>
    <subfield code="a">BCEJYS</subfield>
    <subfield code="b">BCEJYS</subfield>
    <subfield code="c">17</subfield>
    <subfield code="d">2015-03-12</subfield>
    <subfield code="h">N&#xBA; 17</subfield>
    <subfield code="l">0</subfield>
    <subfield code="o">H658.012 TER 17</subfield>
    <subfield code="p">R23438</subfield>
    <subfield code="r">2026-04-10 16:10:22</subfield>
    <subfield code="w">2026-04-10</subfield>
    <subfield code="y">RN</subfield>
  </datafield>
  <datafield tag="952" ind1=" " ind2=" ">
    <subfield code="0">0</subfield>
    <subfield code="1">0</subfield>
    <subfield code="4">0</subfield>
    <subfield code="7">0</subfield>
    <subfield code="a">BCEJYS</subfield>
    <subfield code="b">BCEJYS</subfield>
    <subfield code="c">17</subfield>
    <subfield code="d">2015-03-12</subfield>
    <subfield code="h">N&#xBA; 16</subfield>
    <subfield code="l">0</subfield>
    <subfield code="o">H658.012 TER 16</subfield>
    <subfield code="p">R23437</subfield>
    <subfield code="r">2026-04-10 16:10:22</subfield>
    <subfield code="w">2026-04-10</subfield>
    <subfield code="y">RN</subfield>
  </datafield>
  <datafield tag="952" ind1=" " ind2=" ">
    <subfield code="0">0</subfield>
    <subfield code="1">0</subfield>
    <subfield code="4">0</subfield>
    <subfield code="7">0</subfield>
    <subfield code="a">BCEJYS</subfield>
    <subfield code="b">BCEJYS</subfield>
    <subfield code="c">17</subfield>
    <subfield code="d">2015-03-12</subfield>
    <subfield code="h">N&#xBA; 15</subfield>
    <subfield code="l">0</subfield>
    <subfield code="o">H658.012 TER 15</subfield>
    <subfield code="p">R23436</subfield>
    <subfield code="r">2026-04-10 16:10:22</subfield>
    <subfield code="w">2026-04-10</subfield>
    <subfield code="y">RN</subfield>
  </datafield>
  <datafield tag="952" ind1=" " ind2=" ">
    <subfield code="0">0</subfield>
    <subfield code="1">0</subfield>
    <subfield code="4">0</subfield>
    <subfield code="7">0</subfield>
    <subfield code="a">BCEJYS</subfield>
    <subfield code="b">BCEJYS</subfield>
    <subfield code="c">17</subfield>
    <subfield code="d">2015-03-12</subfield>
    <subfield code="h">N&#xBA; 14</subfield>
    <subfield code="l">0</subfield>
    <subfield code="o">H658.012 TER 14</subfield>
    <subfield code="p">R23435</subfield>
    <subfield code="r">2026-04-10 16:10:22</subfield>
    <subfield code="w">2026-04-10</subfield>
    <subfield code="y">RN</subfield>
  </datafield>
  <datafield tag="952" ind1=" " ind2=" ">
    <subfield code="0">0</subfield>
    <subfield code="1">0</subfield>
    <subfield code="4">0</subfield>
    <subfield code="7">0</subfield>
    <subfield code="a">BCEJYS</subfield>
    <subfield code="b">BCEJYS</subfield>
    <subfield code="c">17</subfield>
    <subfield code="d">2015-03-12</subfield>
    <subfield code="h">N&#xBA; 13</subfield>
    <subfield code="l">0</subfield>
    <subfield code="o">H658.012 TER 13</subfield>
    <subfield code="p">R23434</subfield>
    <subfield code="r">2026-04-10 16:10:22</subfield>
    <subfield code="w">2026-04-10</subfield>
    <subfield code="y">RN</subfield>
  </datafield>
  <datafield tag="952" ind1=" " ind2=" ">
    <subfield code="0">0</subfield>
    <subfield code="1">0</subfield>
    <subfield code="4">0</subfield>
    <subfield code="7">0</subfield>
    <subfield code="a">BCEJYS</subfield>
    <subfield code="b">BCEJYS</subfield>
    <subfield code="c">17</subfield>
    <subfield code="d">2015-03-12</subfield>
    <subfield code="h">N&#xBA; 12</subfield>
    <subfield code="l">0</subfield>
    <subfield code="o">H658.012 TER 12</subfield>
    <subfield code="p">R23433</subfield>
    <subfield code="r">2026-04-10 16:10:22</subfield>
    <subfield code="w">2026-04-10</subfield>
    <subfield code="y">RN</subfield>
  </datafield>
  <datafield tag="952" ind1=" " ind2=" ">
    <subfield code="0">0</subfield>
    <subfield code="1">0</subfield>
    <subfield code="4">0</subfield>
    <subfield code="7">0</subfield>
    <subfield code="a">BCEJYS</subfield>
    <subfield code="b">BCEJYS</subfield>
    <subfield code="c">17</subfield>
    <subfield code="d">2015-03-12</subfield>
    <subfield code="h">N&#xBA; 11</subfield>
    <subfield code="l">0</subfield>
    <subfield code="o">H658.012 TER 11</subfield>
    <subfield code="p">R23432</subfield>
    <subfield code="r">2026-04-10 16:10:22</subfield>
    <subfield code="w">2026-04-10</subfield>
    <subfield code="y">RN</subfield>
  </datafield>
  <datafield tag="952" ind1=" " ind2=" ">
    <subfield code="0">0</subfield>
    <subfield code="1">0</subfield>
    <subfield code="4">0</subfield>
    <subfield code="7">0</subfield>
    <subfield code="a">BCEJYS</subfield>
    <subfield code="b">BCEJYS</subfield>
    <subfield code="c">17</subfield>
    <subfield code="d">2015-03-12</subfield>
    <subfield code="h">N&#xBA; 10</subfield>
    <subfield code="l">0</subfield>
    <subfield code="o">H658.012 TER 10</subfield>
    <subfield code="p">R23431</subfield>
    <subfield code="r">2026-04-10 16:10:22</subfield>
    <subfield code="w">2026-04-10</subfield>
    <subfield code="y">RN</subfield>
  </datafield>
  <datafield tag="952" ind1=" " ind2=" ">
    <subfield code="0">0</subfield>
    <subfield code="1">0</subfield>
    <subfield code="4">0</subfield>
    <subfield code="7">0</subfield>
    <subfield code="a">BCEJYS</subfield>
    <subfield code="b">BCEJYS</subfield>
    <subfield code="c">17</subfield>
    <subfield code="d">2015-03-12</subfield>
    <subfield code="h">N&#xBA; 9</subfield>
    <subfield code="l">0</subfield>
    <subfield code="o">H658.012 TER 9</subfield>
    <subfield code="p">R23430</subfield>
    <subfield code="r">2026-04-10 16:10:22</subfield>
    <subfield code="w">2026-04-10</subfield>
    <subfield code="y">RN</subfield>
  </datafield>
  <datafield tag="952" ind1=" " ind2=" ">
    <subfield code="0">0</subfield>
    <subfield code="1">0</subfield>
    <subfield code="4">0</subfield>
    <subfield code="7">0</subfield>
    <subfield code="a">BCEJYS</subfield>
    <subfield code="b">BCEJYS</subfield>
    <subfield code="c">17</subfield>
    <subfield code="d">2015-03-12</subfield>
    <subfield code="h">N&#xBA; 8</subfield>
    <subfield code="l">0</subfield>
    <subfield code="o">H658.012 TER 8</subfield>
    <subfield code="p">R23429</subfield>
    <subfield code="r">2026-04-10 16:10:22</subfield>
    <subfield code="w">2026-04-10</subfield>
    <subfield code="y">RN</subfield>
  </datafield>
  <datafield tag="952" ind1=" " ind2=" ">
    <subfield code="0">0</subfield>
    <subfield code="1">0</subfield>
    <subfield code="4">0</subfield>
    <subfield code="7">0</subfield>
    <subfield code="a">BCEJYS</subfield>
    <subfield code="b">BCEJYS</subfield>
    <subfield code="c">17</subfield>
    <subfield code="d">2015-03-12</subfield>
    <subfield code="h">N&#xBA; 7</subfield>
    <subfield code="l">0</subfield>
    <subfield code="o">H658.012 TER 7</subfield>
    <subfield code="p">R23428</subfield>
    <subfield code="r">2026-04-10 16:10:22</subfield>
    <subfield code="w">2026-04-10</subfield>
    <subfield code="y">RN</subfield>
  </datafield>
  <datafield tag="952" ind1=" " ind2=" ">
    <subfield code="0">0</subfield>
    <subfield code="1">0</subfield>
    <subfield code="4">0</subfield>
    <subfield code="7">0</subfield>
    <subfield code="a">BCEJYS</subfield>
    <subfield code="b">BCEJYS</subfield>
    <subfield code="c">17</subfield>
    <subfield code="d">2015-03-12</subfield>
    <subfield code="h">N&#xBA; 6</subfield>
    <subfield code="l">0</subfield>
    <subfield code="o">H658.012 TER 6</subfield>
    <subfield code="p">R23427</subfield>
    <subfield code="r">2026-04-10 16:10:22</subfield>
    <subfield code="w">2026-04-10</subfield>
    <subfield code="y">RN</subfield>
  </datafield>
  <datafield tag="952" ind1=" " ind2=" ">
    <subfield code="0">0</subfield>
    <subfield code="1">0</subfield>
    <subfield code="4">0</subfield>
    <subfield code="7">0</subfield>
    <subfield code="a">BCEJYS</subfield>
    <subfield code="b">BCEJYS</subfield>
    <subfield code="c">17</subfield>
    <subfield code="d">2015-03-12</subfield>
    <subfield code="h">N&#xBA; 5</subfield>
    <subfield code="l">0</subfield>
    <subfield code="o">H658.012 TER 5</subfield>
    <subfield code="p">R23426</subfield>
    <subfield code="r">2026-04-10 16:10:22</subfield>
    <subfield code="w">2026-04-10</subfield>
    <subfield code="y">RN</subfield>
  </datafield>
  <datafield tag="952" ind1=" " ind2=" ">
    <subfield code="0">0</subfield>
    <subfield code="1">0</subfield>
    <subfield code="4">0</subfield>
    <subfield code="7">0</subfield>
    <subfield code="a">BCEJYS</subfield>
    <subfield code="b">BCEJYS</subfield>
    <subfield code="c">17</subfield>
    <subfield code="d">2015-03-12</subfield>
    <subfield code="h">N&#xBA; 4</subfield>
    <subfield code="l">0</subfield>
    <subfield code="o">H658.012 TER 4</subfield>
    <subfield code="p">R23425</subfield>
    <subfield code="r">2026-04-10 16:10:22</subfield>
    <subfield code="w">2026-04-10</subfield>
    <subfield code="y">RN</subfield>
  </datafield>
  <datafield tag="952" ind1=" " ind2=" ">
    <subfield code="0">0</subfield>
    <subfield code="1">0</subfield>
    <subfield code="4">0</subfield>
    <subfield code="7">0</subfield>
    <subfield code="a">BCEJYS</subfield>
    <subfield code="b">BCEJYS</subfield>
    <subfield code="c">17</subfield>
    <subfield code="d">2015-03-12</subfield>
    <subfield code="h">N&#xBA; 3</subfield>
    <subfield code="l">0</subfield>
    <subfield code="o">H658.012 TER 3</subfield>
    <subfield code="p">R23424</subfield>
    <subfield code="r">2026-04-10 16:10:22</subfield>
    <subfield code="w">2026-04-10</subfield>
    <subfield code="y">RN</subfield>
  </datafield>
  <datafield tag="952" ind1=" " ind2=" ">
    <subfield code="0">0</subfield>
    <subfield code="1">0</subfield>
    <subfield code="4">0</subfield>
    <subfield code="7">0</subfield>
    <subfield code="a">BCEJYS</subfield>
    <subfield code="b">BCEJYS</subfield>
    <subfield code="c">17</subfield>
    <subfield code="d">2015-03-12</subfield>
    <subfield code="h">N&#xBA; 2</subfield>
    <subfield code="l">0</subfield>
    <subfield code="o">H658.012 TER 2</subfield>
    <subfield code="p">R23423</subfield>
    <subfield code="r">2026-04-10 16:10:22</subfield>
    <subfield code="w">2026-04-10</subfield>
    <subfield code="y">RN</subfield>
  </datafield>
  <datafield tag="952" ind1=" " ind2=" ">
    <subfield code="0">0</subfield>
    <subfield code="1">0</subfield>
    <subfield code="4">0</subfield>
    <subfield code="7">0</subfield>
    <subfield code="a">BCEJYS</subfield>
    <subfield code="b">BCEJYS</subfield>
    <subfield code="c">17</subfield>
    <subfield code="d">2015-03-12</subfield>
    <subfield code="h">N&#xBA; 1</subfield>
    <subfield code="l">0</subfield>
    <subfield code="o">H658.012 TER 1</subfield>
    <subfield code="p">R23391</subfield>
    <subfield code="r">2026-04-10 16:10:22</subfield>
    <subfield code="w">2026-04-10</subfield>
    <subfield code="y">RN</subfield>
  </datafield>
</record>
